LEADER 04400nam 22007815 450 001 996199996203316 005 20230223051710.0 010 $a3-319-07782-1 024 7 $a10.1007/978-3-319-07782-6 035 $a(CKB)3710000000143857 035 $a(SSID)ssj0001278330 035 $a(PQKBManifestationID)11739211 035 $a(PQKBTitleCode)TC0001278330 035 $a(PQKBWorkID)11283129 035 $a(PQKB)10834810 035 $a(DE-He213)978-3-319-07782-6 035 $a(MiAaPQ)EBC3093107 035 $a(PPN)179766260 035 $a(EXLCZ)993710000000143857 100 $a20140618d2014 u| 0 101 0 $aeng 135 $aurnn|008mamaa 181 $ctxt 182 $cc 183 $acr 200 10$aWireless Algorithms, Systems, and Applications$b[electronic resource] $e9th International Conference, WASA 2014, Harbin, China, June 23-25, 2014, Proceedings /$fedited by Zhipeng Cai, Chaokun Wang, Siyao Cheng, Hongzhi Wang, Hong Gao 205 $a1st ed. 2014. 210 1$aCham :$cSpringer International Publishing :$cImprint: Springer,$d2014. 215 $a1 online resource (XVI, 807 p. 342 illus.) 225 1 $aTheoretical Computer Science and General Issues,$x2512-2029 ;$v8491 300 $aBibliographic Level Mode of Issuance: Monograph 311 $a3-319-07781-3 327 $aCognitive radio networks -- Wireless sensor networks -- Cyber-physical systems -- Distributed and localized algorithm design and analysis -- Information and coding theory for wireless networks -- Localization -- Mobile cloud computing -- Topology control and coverage -- Security and privacy -- Underwater and underground networks -- Vehicular networks -- Information processing and data management -- Programmable service interfaces -- Energy-efficient algorithms -- System and protocol design -- Operating system and middle-ware support -- Experimental test-beds and models. 330 $aThis book constitutes the refereed proceedings of the 9th International Conference on Wireless Algorithms, Systems and Applications, WASA 2014, held in Harbin, China, in June 2014. The 41 revised full papers presented together with 30 invited papers were carefully reviewed and selected from 134 submissions. The papers cover a wide range of topics including cognitive radio networks, wireless sensor networks, cyber-physical systems, distributed and localized algorithm design and analysis, information and coding theory for wireless networks, localization, mobile cloud computing, topology control and coverage, security and privacy, underwater and underground networks, vehicular networks, information processing and data management, programmable service interfaces, energy-efficient algorithms, system and protocol design, operating system and middle-ware support and experimental test-beds and models. 410 0$aTheoretical Computer Science and General Issues,$x2512-2029 ;$v8491 606 $aAlgorithms 606 $aComputer networks 606 $aApplication software 606 $aElectronic digital computers?Evaluation 606 $aElectronic data processing?Management 606 $aAlgorithms 606 $aComputer Communication Networks 606 $aComputer and Information Systems Applications 606 $aSystem Performance and Evaluation 606 $aIT Operations 615 0$aAlgorithms. 615 0$aComputer networks. 615 0$aApplication software. 615 0$aElectronic digital computers?Evaluation. 615 0$aElectronic data processing?Management. 615 14$aAlgorithms. 615 24$aComputer Communication Networks. 615 24$aComputer and Information Systems Applications. 615 24$aSystem Performance and Evaluation. 615 24$aIT Operations. 676 $a621.384 702 $aCai$b Zhipeng$4edt$4http://id.loc.gov/vocabulary/relators/edt 702 $aWang$b Chaokun$4edt$4http://id.loc.gov/vocabulary/relators/edt 702 $aCheng$b Siyao$4edt$4http://id.loc.gov/vocabulary/relators/edt 702 $aWang$b Hongzhi$4edt$4http://id.loc.gov/vocabulary/relators/edt 702 $aGao$b Hong$4edt$4http://id.loc.gov/vocabulary/relators/edt 801 0$bMiAaPQ 801 1$bMiAaPQ 801 2$bMiAaPQ 906 $aBOOK 912 $a996199996203316 996 $aWireless Algorithms, Systems, and Applications$9771859 997 $aUNISA LEADER 04221nam 22005895 450 001 9910736022403321 005 20251116232911.0 010 $a9789811598890 010 $a9811598894 024 7 $a10.1007/978-981-15-9889-0 035 $a(CKB)4100000011610334 035 $a(MiAaPQ)EBC6408067 035 $a(DE-He213)978-981-15-9889-0 035 $a(Perlego)3480923 035 $a(iGPub)SPNA0072075 035 $a(EXLCZ)994100000011610334 100 $a20201124d2021 u| 0 101 0 $aeng 135 $aurnn|008mamaa 181 $ctxt$2rdacontent 182 $cc$2rdamedia 183 $acr$2rdacarrier 200 14$aThe Butterfly Effect in China's Economic Growth $eFrom Socialist Penury Towards Marx's Progressive Capitalism /$fby Wei-Bin Zhang 205 $a1st ed. 2021. 210 1$aSingapore :$cSpringer Nature Singapore :$cImprint: Palgrave Macmillan,$d2021. 215 $a1 online resource (XVII, 213 p. 18 illus., 13 illus. in color.) 311 08$a9789811598883 311 08$a9811598886 320 $aIncludes bibliographical references and index. 327 $aChapter 1. Mao Zedong and the Preconditions for the Butterfly Effect -- Chapter 2. Deng Xiaoping Triggered off the Butterfly Effect -- Chapter 3. Confucius as Cultural Capital in Sustaining the Butterfly Effect -- Chapter 4. Spread Education and Devouring Global Knowledge -- Chapter 5. Economic Growth from Hunger with Animal Spirits -- Chapter 6 Uncertain China with Docilely Educated Population. 330 $aThis book examines the butterfly effect in China's modern economic development during the period of 1978-2018. In chaos theory, the butterfly effect refers to a phenomenon that a butterfly flaps its wings in Okinawa, and subsequently a storm may ravage New York. Deng applied a trivial idea, called the market mechanism, to China's countryside in 1978. The idea has subsequently caused economic structural changes and fast growth in the economy with the largest population in human history. China's per capita GDP jumped from $100 in 1978 to over US$8,000 in 2018. Eight hundred million people have made a great escape from poverty. By 2018, China was the world's second-largest economy from its 10th position in 1978 with its 9 per cent average annual growth rate of GDP in the previous four decades. This illuminating book will be of value to economists, scholars of China, and historians. Wei-Bin Zhang, Ph.D. (Umeå, Sweden),is Professor of Economics in Ritsumeikan Asia Pacific University (APU), Japan. He was graduated in 1982 from the Department of Geography, Beijing University, China. He completed graduate study at the Department of Civil Engineering, Kyoto University, Japan. After he completed his dissertation on economic growth theory, he researched at the Swedish Institute for Futures Studies in Stockholm for 10 years. During the Swedish period, he also worked as visiting scholars in USA, Japan, Mainland China, Austria, and Hong Kong. He taught at the Department of Economics, NUS, until May 2000, for one and half years, after he had been appointed as Tenured Professor at APU in 1998. His main research fields are nonlinear economic dynamics, growth theory, trade theory, East Asian economic development, and Confucianism. He has single-authorized about 360 academic articles (240 in peer-review international journals) and authorized 23 academic books in English by international publishing houses. Prof. Zhang is one of the editorial board members of 15 international journals. 606 $aEconomic development 606 $aDevelopment economics 606 $aEconomic history 606 $aEconomic Growth 606 $aDevelopment Economics 606 $aEconomic History 615 0$aEconomic development. 615 0$aDevelopment economics. 615 0$aEconomic history. 615 14$aEconomic Growth. 615 24$aDevelopment Economics. 615 24$aEconomic History. 676 $a338.951 700 $aZhang$b Wei-Bin$f1961-$0265725 801 0$bMiAaPQ 801 1$bMiAaPQ 801 2$bMiAaPQ 906 $aBOOK 912 $a9910736022403321 996 $aThe butterfly effect in China's economic growth$93421562 997 $aUNINA